| 000 | 00517nam a2200181Ia 4500 | ||
|---|---|---|---|
| 008 | 220204s9999 xx 000 0 und d | ||
| 082 |
_a575:631.52 _bBOR |
||
| 100 | _aBorojevic, Slavko | ||
| 245 | 0 | _aPrinciples and methods of plant breeding | |
| 260 |
_aAmsterdam _bElsevier _c1990 |
||
| 490 | _aDevelopments in Crop Science 17 | ||
| 650 | _aBreeding material selection | ||
| 650 | _aChromosome engineering | ||
| 650 | _aCrossing methods | ||
| 650 | _aGenetic engineering | ||
| 650 | _aMutation | ||
| 942 | _cBK | ||
| 999 |
_c40414 _d40414 |
||